Los lugares del tiempo (Record no. 52296)
[ view plain ]
| 000 -LEADER | |
|---|---|
| campo de control de longitud fija | 00680nam a2200193 i 4500 |
| 001 - NÚMERO DE CONTROL | |
| campo de control | 52296 |
| 003 - IDENTIFICADOR DE NÚMERO DE CONTROL | |
| campo de control | ES-MaACL |
| 005 - FECHA Y HORA DE LA ÚLTIMA TRANSACCIÓN | |
| campo de control | 20250620063016.0 |
| 007 - CAMPO FIJO DE DESCRIPCIÓN FÍSICA--INFORMACIÓN GENERAL | |
| campo de control de longitud fija | t| |
| 008 - DATOS DE LONGITUD FIJA--INFORMACIÓN GENERAL | |
| campo de control de longitud fija | 030827s1979 sp ||||1| spa d |
| 100 1# - ENTRADA PRINCIPAL--NOMBRE DE PERSONA | |
| Nombre de persona | Chávarri, Raúl, |
| Fechas asociadas al nombre | 1929-1984 |
| 9 (RLIN) | 161889 |
| 245 14 - MENCIÓN DEL TÍTULO | |
| Título | Los lugares del tiempo |
| Resto del título | : un estudio sobre la pintura de Polín Laporta / |
| Mención de responsabilidad, etc. | Raúl Chávarri ; prólogo de J.L. López Aranguren. |
| 260 ## - PUBLICACIÓN, DISTRIBUCIÓN, ETC. | |
| Lugar de publicación, distribución, etc. | Madrid : |
| Nombre del editor, distribuidor, etc. | Digesa : |
| -- | Ferreira, |
| Fecha de publicación, distribución, etc. | [1979] |
| 300 ## - DESCRIPCIÓN FÍSICA | |
| Extensión | 100 p., 9 lám. : |
| Otras características físicas | il. ; |
| Dimensiones | 33 cm. |
| 600 04 - PUNTO DE ACCESO ADICIONAL DE MATERIA--NOMBRE DE PERSONA | |
| Nombre de persona | Laporta, Polín. |
| 9 (RLIN) | 70169 |
| 700 1# - ENTRADA AGREGADA--NOMBRE PERSONAL | |
| Nombre de persona | Aranguren, José Luis L., |
| Fechas asociadas al nombre | 1909-1996 |
| 9 (RLIN) | 22315 |
| 852 ## - LOCALIZACIÓN | |
| Ubicación | ES-MaACL |
| Número de control de estantería | L-463 |
| Sublocalización o colección | R.99829 |
| Estatus retirado | Estado de pérdida | Estado de daño | No para préstamo | Biblioteca de origen | Biblioteca actual | Ubicación en estantería | Fecha de adquisición | Fuente de adquisición | Total de préstamos | Signatura topográfica completa | Código de barras | Visto por última vez | Precio de reemplazo | Tipo de ítem Koha |
|---|---|---|---|---|---|---|---|---|---|---|---|---|---|---|
| Biblioteca del Ateneo de Madrid | Biblioteca del Ateneo de Madrid | Depósito 2 | 17/01/2008 | L-463 | 1054976 | 23/02/2023 | 23/02/2023 | Libro impreso |
